<?xml version="1.0" encoding="UTF-8"?>
<record
    xmlns:xsi="http://www.w3.org/2001/XMLSchema-instance"
    xsi:schemaLocation="http://www.loc.gov/MARC21/slim http://www.loc.gov/standards/marcxml/schema/MARC21slim.xsd"
    xmlns="http://www.loc.gov/MARC21/slim">

  <leader>01694nam a2200349 i 4500</leader>
  <controlfield tag="001">000045363</controlfield>
  <controlfield tag="003">DO-SdBNP</controlfield>
  <controlfield tag="005">20250704111359.0</controlfield>
  <controlfield tag="007">ta</controlfield>
  <controlfield tag="008">150305s2014    dr abo        000 0 spa d</controlfield>
  <datafield tag="020" ind1=" " ind2=" ">
    <subfield code="a">9789945166453</subfield>
  </datafield>
  <datafield tag="040" ind1=" " ind2=" ">
    <subfield code="a">DO-SdBNP</subfield>
    <subfield code="b">spa</subfield>
    <subfield code="c">BNPHU</subfield>
    <subfield code="e">rda</subfield>
  </datafield>
  <datafield tag="082" ind1=" " ind2=" ">
    <subfield code="a">xxxx</subfield>
    <subfield code="b">M828</subfield>
    <subfield code="2">22</subfield>
  </datafield>
  <datafield tag="100" ind1="1" ind2=" ">
    <subfield code="a">Morales Troncoso, Carlos,</subfield>
    <subfield code="d">1940-2014.</subfield>
    <subfield code="9">53404</subfield>
    <subfield code="e">autor</subfield>
    <subfield code="4">aut.</subfield>
  </datafield>
  <datafield tag="245" ind1="1" ind2="0">
    <subfield code="a">Huellas :</subfield>
    <subfield code="b">creando lazos de entendimiento /</subfield>
    <subfield code="c">Carlos Morales Troncoso ; coordinaci&#xF3;n Evelyn Estrella ; edici&#xF3;n Tom&#xE1;s Castro Burdiez ; colaboradores Joaqu&#xED;n Ricardo, An&#xED;bal de Castro, Ros&#xE1;ngela Batlle.</subfield>
  </datafield>
  <datafield tag="250" ind1=" " ind2=" ">
    <subfield code="a">Primera edici&#xF3;n</subfield>
  </datafield>
  <datafield tag="264" ind1=" " ind2="1">
    <subfield code="a">Santo Domingo :</subfield>
    <subfield code="b">Fundaci&#xF3;n Morales Alba,</subfield>
    <subfield code="c">2014.</subfield>
  </datafield>
  <datafield tag="300" ind1=" " ind2=" ">
    <subfield code="a">158 p&#xE1;ginas</subfield>
    <subfield code="b">ilustraciones, mapas, fotograf&#xED;as ;</subfield>
    <subfield code="c">31 cm.</subfield>
  </datafield>
  <datafield tag="336" ind1=" " ind2=" ">
    <subfield code="a">texto</subfield>
    <subfield code="b">txt</subfield>
    <subfield code="2">rdacontent</subfield>
  </datafield>
  <datafield tag="337" ind1=" " ind2=" ">
    <subfield code="a">sin mediaci&#xF3;n</subfield>
    <subfield code="b">n</subfield>
    <subfield code="2">rdamedia</subfield>
  </datafield>
  <datafield tag="338" ind1=" " ind2=" ">
    <subfield code="a">volumen</subfield>
    <subfield code="b">nc</subfield>
    <subfield code="2">rdacarrier</subfield>
  </datafield>
  <datafield tag="500" ind1=" " ind2=" ">
    <subfield code="a">Incluye datos biogr&#xE1;ficos del autor en las solapas.</subfield>
  </datafield>
  <datafield tag="505" ind1="0" ind2=" ">
    <subfield code="a">Formaci&#xF3;n para la profesionalizaci&#xF3;n diplom&#xE1;tica --</subfield>
    <subfield code="t">Modernizaci&#xF3;n, tecnolog&#xED;a y transparencia --</subfield>
    <subfield code="t">Seguridad y soberan&#xED;a --</subfield>
    <subfield code="t">Protecci&#xF3;n al medio ambiente y manejo de crisis --</subfield>
    <subfield code="t">Servicios que procuran la excelencia --</subfield>
    <subfield code="t">Desarrollo comercial --</subfield>
    <subfield code="t">Relaciones multilaterales --</subfield>
    <subfield code="t">Relaciones bilaterales --</subfield>
    <subfield code="t">Reflexiones --</subfield>
  </datafield>
  <datafield tag="590" ind1=" " ind2=" ">
    <subfield code="a">Inventariado, 2025/ YL</subfield>
  </datafield>
  <datafield tag="700" ind1="1" ind2="2">
    <subfield code="a">Estrella, Evelyn,</subfield>
    <subfield code="e">coordinadora</subfield>
    <subfield code="9">42978</subfield>
    <subfield code="4">coord.</subfield>
  </datafield>
  <datafield tag="700" ind1=" " ind2="2">
    <subfield code="a">Castro, Tom&#xE1;s,</subfield>
    <subfield code="d">1959-</subfield>
    <subfield code="e">editor</subfield>
    <subfield code="9">24641</subfield>
    <subfield code="4">ed.</subfield>
  </datafield>
  <datafield tag="700" ind1=" " ind2="2">
    <subfield code="a">Ricardo, Joaqu&#xED;n </subfield>
    <subfield code="e">colaborador</subfield>
    <subfield code="4">col.</subfield>
    <subfield code="9">75051</subfield>
  </datafield>
  <datafield tag="700" ind1=" " ind2="2">
    <subfield code="a">Castro, An&#xED;bal de </subfield>
    <subfield code="e">colaborador</subfield>
    <subfield code="4">col.</subfield>
    <subfield code="9">8559</subfield>
  </datafield>
  <datafield tag="700" ind1=" " ind2="2">
    <subfield code="a">Batlle. Ros&#xE1;ngela </subfield>
    <subfield code="e">colaborador</subfield>
    <subfield code="4">col.</subfield>
    <subfield code="9">88261</subfield>
  </datafield>
  <datafield tag="910" ind1=" " ind2=" ">
    <subfield code="a">YLockward</subfield>
  </datafield>
  <datafield tag="942" ind1=" " ind2=" ">
    <subfield code="2">ddc</subfield>
    <subfield code="c">LBS1</subfield>
  </datafield>
  <datafield tag="952" ind1=" " ind2=" ">
    <subfield code="0">0</subfield>
    <subfield code="1">0</subfield>
    <subfield code="2">ddc</subfield>
    <subfield code="5">6</subfield>
    <subfield code="7">0</subfield>
    <subfield code="8">DS</subfield>
    <subfield code="a">BNPHU</subfield>
    <subfield code="b">BNPHU</subfield>
    <subfield code="c">HD</subfield>
    <subfield code="d">2015-02-11</subfield>
    <subfield code="e">Dep&#xF3;sito Legal</subfield>
    <subfield code="i">LF1</subfield>
    <subfield code="l">0</subfield>
    <subfield code="o">BNPHU DS xxxx xxxx</subfield>
    <subfield code="p">45363-30</subfield>
    <subfield code="r">2020-06-25</subfield>
    <subfield code="t">e. 3</subfield>
    <subfield code="w">2020-06-25</subfield>
    <subfield code="y">LBS1</subfield>
    <subfield code="Z">Pr&#xE9;stamo en sala</subfield>
  </datafield>
  <datafield tag="952" ind1=" " ind2=" ">
    <subfield code="0">0</subfield>
    <subfield code="1">0</subfield>
    <subfield code="2">ddc</subfield>
    <subfield code="5">1</subfield>
    <subfield code="7">0</subfield>
    <subfield code="8">PD</subfield>
    <subfield code="a">BNPHU</subfield>
    <subfield code="b">BNPHU</subfield>
    <subfield code="c">HD</subfield>
    <subfield code="d">2015-02-11</subfield>
    <subfield code="e">Dep&#xF3;sito Legal</subfield>
    <subfield code="i">LF1</subfield>
    <subfield code="l">0</subfield>
    <subfield code="o">BNPHU PD xxxx xxxx</subfield>
    <subfield code="p">45363-10</subfield>
    <subfield code="r">2020-06-25</subfield>
    <subfield code="w">2020-06-25</subfield>
    <subfield code="y">LBS1</subfield>
    <subfield code="Z">No se presta</subfield>
  </datafield>
  <datafield tag="952" ind1=" " ind2=" ">
    <subfield code="0">0</subfield>
    <subfield code="1">0</subfield>
    <subfield code="2">ddc</subfield>
    <subfield code="5">1</subfield>
    <subfield code="7">0</subfield>
    <subfield code="8">PD</subfield>
    <subfield code="a">BNPHU</subfield>
    <subfield code="b">BNPHU</subfield>
    <subfield code="c">HD</subfield>
    <subfield code="d">2015-02-11</subfield>
    <subfield code="e">Dep&#xF3;sito Legal</subfield>
    <subfield code="i">LF1</subfield>
    <subfield code="l">0</subfield>
    <subfield code="o">BNPHU PD xxxx xxxx</subfield>
    <subfield code="p">45363-20</subfield>
    <subfield code="r">2020-06-25</subfield>
    <subfield code="t">e. 2</subfield>
    <subfield code="w">2020-06-25</subfield>
    <subfield code="y">LBS1</subfield>
    <subfield code="Z">No se presta</subfield>
  </datafield>
  <datafield tag="952" ind1=" " ind2=" ">
    <subfield code="0">0</subfield>
    <subfield code="1">0</subfield>
    <subfield code="2">ddc</subfield>
    <subfield code="5">6</subfield>
    <subfield code="7">0</subfield>
    <subfield code="8">DS</subfield>
    <subfield code="a">BNPHU</subfield>
    <subfield code="b">BNPHU</subfield>
    <subfield code="c">HD</subfield>
    <subfield code="d">2023-11-22</subfield>
    <subfield code="e">Donado por M&#xF3;nica Despradel</subfield>
    <subfield code="i">LF1</subfield>
    <subfield code="l">0</subfield>
    <subfield code="o">BNPHU DS xxxx xxxx</subfield>
    <subfield code="p">2025-6204</subfield>
    <subfield code="r">2025-07-04</subfield>
    <subfield code="t">e. 4</subfield>
    <subfield code="w">2020-06-25</subfield>
    <subfield code="y">LBS1</subfield>
  </datafield>
  <datafield tag="999" ind1=" " ind2=" ">
    <subfield code="c">44852</subfield>
    <subfield code="d">44852</subfield>
  </datafield>
</record>
